LEADER 01121nam0-2200397---450- 001 990000981990203316 005 20060301145132.0 010 $a88-7042-290-9 035 $a0098199 035 $aUSA010098199 035 $a(ALEPH)000098199USA01 035 $a0098199 100 $a20020225d1985----km-y0ITAy01------ba 101 $aita 102 $aIT 105 $a00||| 200 1 $a<> padre$fAugust Strindberg$gtraduzione di Giacomo Oreglia$gintroduzione di Roberto Alonge 210 $aNapoli$cGuida$d[1985] 215 $a60 p.$d21 cm. 225 2 $aTeatro 410 0$12001$aTeatro 454 1$12001$aFadren$920598 676 $a839.7 700 1$aSTRINDBERG,$bAugust$0126055 702 1$aOREGLIA,$bGiacomo 801 $aIT$bsalbc$gISBD 912 $a990000981990203316 951 $aXIII.1.A. 401(VII T COLL.56/2)$b136723 LM$cVII T 959 $aBK 969 $aUMA 979 $aPATTY$b90$c20020225$lUSA01$h1236 979 $c20020403$lUSA01$h1740 979 $aPATRY$b90$c20040406$lUSA01$h1708 979 $aCOPAT5$b90$c20060301$lUSA01$h1451 996 $aFadren$920598 997 $aUNISA LEADER 01069nam--2200385---450- 001 990006067480203316 005 20150901123857.0 035 $a000606748 035 $aUSA01000606748 035 $a(ALEPH)000606748USA01 035 $a000606748 100 $a20150901d--------km-y0itay50------ba 101 $aita 102 $aIT 105 $a||||||||001yy 200 1 $a<> Epistole$fArsenio Frugoni 210 $a[S.l.]$c[s.n.]$d[s.d.] 215 $a[739]-748 p.$d24 cm 300 $aTitolo della copertina 300 $aEstratto da: Cultura e scuola, n. 13-14 (gennaio-giugno 1965) 410 0$12001 454 1$12001 600 1$aAlighieri,$bDante . Epistole$2BNCF 606 0 $2BNCF 676 $a856.1 700 1$aFRUGONI,$bArsenio$0162569 801 0$aIT$bsalbc$gISBD 912 $a990006067480203316 951 $aFC.OE. 917$b1043 FCil$cFC.OE.$d378712 959 $aBK 969 $aFCIL 979 $aGENEROSO$b90$c20150901$lUSA01$h1237 979 $aGENEROSO$b90$c20150901$lUSA01$h1238 996 $aEpistole$91101643 997 $aUNISA